<?xml version="1.0" encoding="UTF-8"?>
<marc:record xmlns:marc="http://www.loc.gov/MARC21/slim">
   <marc:leader>00000nam a2200000 a 4500</marc:leader>
   <marc:datafield ind1="1" ind2=" " tag="100">
      <marc:subfield code="a">Zeise, Lena</marc:subfield>
      <marc:subfield code="4">aut</marc:subfield>
      <marc:subfield code="e">Verfasser/-in</marc:subfield>
   </marc:datafield>
   <marc:datafield ind1=" " ind2=" " tag="653">
      <marc:subfield code="a">Spinne</marc:subfield>
   </marc:datafield>
   <marc:datafield ind1=" " ind2=" " tag="653">
      <marc:subfield code="a">$aKindersachbuch</marc:subfield>
   </marc:datafield>
   <marc:datafield ind1="0" ind2="0" tag="245">
      <marc:subfield code="a">Hui, Spinne!</marc:subfield>
   </marc:datafield>
   <marc:datafield ind1="0" ind2="0" tag="245">
      <marc:subfield code="b">Haustierchen halten für Anfänger : mit Fang- &amp; Messhilfe!</marc:subfield>
   </marc:datafield>
   <marc:datafield ind1="0" ind2="0" tag="245">
      <marc:subfield code="c">Lena Zeise</marc:subfield>
   </marc:datafield>
   <marc:datafield ind1=" " ind2="1" tag="264">
      <marc:subfield code="a">Leipzig</marc:subfield>
      <marc:subfield code="b">Klett Kinderbuch</marc:subfield>
      <marc:subfield code="c">2025</marc:subfield>
   </marc:datafield>
   <marc:datafield ind1=" " ind2=" " tag="250">
      <marc:subfield code="a">1. Auflage</marc:subfield>
   </marc:datafield>
   <marc:datafield ind1="1" ind2=" " tag="520">
      <marc:subfield code="a">"Du darfst kein Haustier haben? Keine Sorge &amp;#x0096; du hast schon welche! Dieses Buch ist ein Haustierratgeber der besonderen Art. Er richtet sich an Kinder, die keine klassischen Haustiere haben dürfen oder können &amp;#x0096; und an alle, die sich dafür interessieren, mit wem sie eigentlich zusammenleben. Denn wenn wir genau hinsehen, stellen wir fest, dass das eine oder andere &amp;#x0084;Haustierchen&amp;#x0093; vielleicht schon lange bei uns eingezogen ist. Klein aber oho &amp;#x0096; ein lustiger Haustierratgeber für alle, die bei Spinne, Floh &amp; Co. nicht die Fliege machen - Alles, was du über Insekten, Spinnen und deine anderen winzigen Mitbewohner wissen musst. Für Kinder ab 5 Jahren." (www.buchhandel.de)</marc:subfield>
   </marc:datafield>
   <marc:datafield ind1=" " ind2=" " tag="020">
      <marc:subfield code="a">9783954703098</marc:subfield>
      <marc:subfield code="9">9783954703098</marc:subfield>
   </marc:datafield>
   <marc:datafield ind1=" " ind2=" " tag="020">
      <marc:subfield code="a">3954703092</marc:subfield>
      <marc:subfield code="9">3954703092</marc:subfield>
   </marc:datafield>
   <marc:datafield ind1=" " ind2=" " tag="500">
      <marc:subfield code="a">Deutsch</marc:subfield>
   </marc:datafield>
   <marc:datafield ind1=" " ind2=" " tag="300">
      <marc:subfield code="a">44 Seiten, Illustrationen, 1 Fang- und Messhilfe</marc:subfield>
   </marc:datafield>
</marc:record>
